Statystyki dla Reprezentacje z którymi Polacy grali najczęściej piłka nożna

Kliknij tutaj aby rozwiązać quiz!

Ogólne statystyki

  • Ten quiz został rozwiązany 800 razy
  • Średni wynik to 6 z 10

Statystyki odpowiedzi

rozegrane meczereprezentacja% Poprawnych
21Niemcy
98%
26Czechy
85%
26Szwecja
66%
32Węgry
65%
23Dania
56%
36Rumunia
51%
32Finlandia
49%
27Irlandia
43%
26Serbia
40%
25Bułgaria
39%

Rozkład punktacji

Percentyl według liczby udzielonych odpowiedzi

Procent ludzi z każdym wynikiem

Twoja historia wyników

Nie rozwiązałeś tego quizu